000 00918nac a22002657a 4500
001 BR7404096
003 BR-BrBNA
005 20240105113800.0
008 230509b bl.|||m| |||| 00| 0 por d
040 _aBR-BrBNA
_bpor
_cBiblioteca Nacional de Agricultura
072 _aH60
090 _a3876 BR7404096
100 1 _aCunha, H.M.P. da
110 1 _aInstituto de Pesquisa Agropecuaria do Leste, Cruz das Almas, BA (Brasil)
_96080
245 1 _aTributon D no combate a madeira nova ou vilao (Machaerium sp)no municipio de Itapetinga [Bahia; Brasil]
260 3 _aCruz das Almas, BA (Brasil):
_c1973.
300 _a9 p.
490 _aBoletim Tecnico - Instituto de Pesquisa Agropecuaria do Leste (Brazil)
_vno. 14
_x
500 _a5 ref.; Summaries (En, Pt)
650 _aMADEIRA NOVA
650 _aHERBICIDA
650 _aBAHIA
909 _a202312
_bLúcia Elande
_c55
_dLúcia Elande
942 _2AGRIS
_n0
_cMS
999 _c265537
_d265537